| 000 | 01029nam a22002417a 4500 | ||
|---|---|---|---|
| 999 |
_c65789 _d65789 |
||
| 005 | 20240530110843.0 | ||
| 008 | 200912s2020 ua a f b 000 0dara d | ||
| 017 |
_a2019/15298 _bمصر. دار الكتب |
||
| 020 | _a9789777537582 | ||
| 040 |
_aEG-CaGPL _cEG-CaGPL |
||
| 082 | 0 | 4 |
_221 _a726 _bق/ م أ |
| 100 | 0 | _aمحمد هاشم اسماعيل ابوطربوش | |
| 245 | 1 | 0 |
_aاسبلة القاهرة فى القرن التاسع عشر : _bدراسة اثرية فنية / _cمحمد هاشم اسماعيل ابوطربوش |
| 250 | _aط.1 | ||
| 260 |
_aالاسكندرية : _bدار الوفاء لدنيا الطباعة و النشر، _c2020 |
||
| 300 |
_a744 ص. : _bصور لو ؛ _c24 سم. |
||
| 504 | _aيشتمل على ارجاعات ببليوجرافية | ||
| 650 | 0 | 7 |
_aالعمارة الاسلامية _2qrmak |
| 650 | 0 | 7 |
_aالعمارة الدينية _2qrmak _zمصر |
| 651 | 0 | 7 |
_2qrmak _aالقاهرة _xالاسبلة |
| 942 |
_2ddc _cBK |
||